<?xml version="1.0" encoding="UTF-8"?>
<collection xmlns="http://www.loc.gov/MARC21/slim">
 <record>
  <leader>03764aam a22003498a 4500</leader>
  <controlfield tag="001">NCT_20990</controlfield>
  <controlfield tag="008">160713s2016                  ||||||viesd</controlfield>
  <datafield tag="999" ind1=" " ind2=" ">
   <subfield code="c">996</subfield>
   <subfield code="d">996</subfield>
  </datafield>
  <datafield tag="020" ind1=" " ind2=" ">
   <subfield code="c">50000</subfield>
  </datafield>
  <datafield tag="082" ind1="0" ind2="4">
   <subfield code="2">23rd ed.</subfield>
   <subfield code="a">338.5</subfield>
   <subfield code="b">L120</subfield>
  </datafield>
  <datafield tag="100" ind1="1" ind2=" ">
   <subfield code="a">Lê Bảo Lâm</subfield>
   <subfield code="e">Chủ biên</subfield>
  </datafield>
  <datafield tag="245" ind1="1" ind2="0">
   <subfield code="a">Kinh tế vi mô</subfield>
   <subfield code="c">Lê Bảo Lâm (chủ biên) ; Nguyễn Như Ý, Trần Thị Bích Dung, Trần Bá Thọ</subfield>
  </datafield>
  <datafield tag="250" ind1=" " ind2=" ">
   <subfield code="a">Tái bản lần 6 có bổ sung</subfield>
  </datafield>
  <datafield tag="260" ind1=" " ind2=" ">
   <subfield code="a">Tp.HCM</subfield>
   <subfield code="b">Tổng hợp</subfield>
   <subfield code="c">2011</subfield>
  </datafield>
  <datafield tag="500" ind1=" " ind2=" ">
   <subfield code="a">ĐTTS ghi: Trường Đại học Kinh tế TP. Hồ Chí Minh</subfield>
  </datafield>
  <datafield tag="520" ind1="3" ind2=" ">
   <subfield code="a">Ngày nay Kinh tế học gồm kinh tế vĩ mô và Kinh tế vi mô là môn cơ sở ngành và chuyên ngành được giảng dạy ở tất cả các trường Đại học và Cao đẳng thuộc khối ngành kinh tế. Nhằm giúp sinh viên có nhiều tài liệu tham khảo để nắm vững những vấn đề cơ bản của môn kinh tế vi mô trong học tập, nhốm giảng viên chúng tôi tái bản lần thứ VI quyển lý thuyết &quot;Kinh tế vi mô&quot;, có chỉnh sửa và bổ sung trên cơ sở tham khảo nhiều tài liệu trong và ngoài nước cùng với kinh nghiệm giảng dạy nhiều năm. Nội dung sách được chọn lọc và trình bày cô đọng, dễ hiểu theo chương trình cập nhập của Bộ giáo dục và Đào tạo. Chúng tôi hy vọng quyển sách này sẽ giúp cho sinh viên dễ dàng nắm vững môn kinh tế vi mô. Chúng tôi rất mong nhận được nhiều ý kiến đóng góp của quý đồng nghiệp vá quý độc giả có quan tâm , để quyển sách này ngày được hoàn thiện hơn</subfield>
  </datafield>
  <datafield tag="653" ind1=" " ind2=" ">
   <subfield code="a">Quản trị kinh doanh</subfield>
  </datafield>
  <datafield tag="700" ind1="1" ind2=" ">
   <subfield code="a">Nguyễn Như Ý</subfield>
  </datafield>
  <datafield tag="700" ind1="1" ind2=" ">
   <subfield code="a">Trần Thị Bích Dung</subfield>
  </datafield>
  <datafield tag="700" ind1="1" ind2=" ">
   <subfield code="a">Trần Bá Thọ</subfield>
  </datafield>
  <datafield tag="942" ind1=" " ind2=" ">
   <subfield code="2">ddc</subfield>
   <subfield code="c">BK</subfield>
  </datafield>
  <datafield tag="952" ind1=" " ind2=" ">
   <subfield code="0">0</subfield>
   <subfield code="1">0</subfield>
   <subfield code="2">ddc</subfield>
   <subfield code="4">0</subfield>
   <subfield code="6">338_500000000000000_L120</subfield>
   <subfield code="7">0</subfield>
   <subfield code="9">11818</subfield>
   <subfield code="a">000001</subfield>
   <subfield code="b">000001</subfield>
   <subfield code="d">2018-07-02</subfield>
   <subfield code="o">338.5 L120</subfield>
   <subfield code="p">MD.04986</subfield>
   <subfield code="r">2018-07-02</subfield>
   <subfield code="v">50000.00</subfield>
   <subfield code="w">2018-07-02</subfield>
   <subfield code="y">BK</subfield>
  </datafield>
  <datafield tag="952" ind1=" " ind2=" ">
   <subfield code="0">0</subfield>
   <subfield code="1">0</subfield>
   <subfield code="2">ddc</subfield>
   <subfield code="4">0</subfield>
   <subfield code="6">338_500000000000000_L120</subfield>
   <subfield code="7">0</subfield>
   <subfield code="9">11819</subfield>
   <subfield code="a">000001</subfield>
   <subfield code="b">000001</subfield>
   <subfield code="d">2018-07-02</subfield>
   <subfield code="l">2</subfield>
   <subfield code="o">338.5 L120</subfield>
   <subfield code="p">MD.04987</subfield>
   <subfield code="r">2020-01-15</subfield>
   <subfield code="s">2020-01-04</subfield>
   <subfield code="v">50000.00</subfield>
   <subfield code="w">2018-07-02</subfield>
   <subfield code="y">BK</subfield>
  </datafield>
  <datafield tag="952" ind1=" " ind2=" ">
   <subfield code="0">0</subfield>
   <subfield code="1">0</subfield>
   <subfield code="2">ddc</subfield>
   <subfield code="4">0</subfield>
   <subfield code="6">338_500000000000000_L120</subfield>
   <subfield code="7">0</subfield>
   <subfield code="9">11820</subfield>
   <subfield code="a">000001</subfield>
   <subfield code="b">000001</subfield>
   <subfield code="d">2018-07-02</subfield>
   <subfield code="l">1</subfield>
   <subfield code="o">338.5 L120</subfield>
   <subfield code="p">MD.04988</subfield>
   <subfield code="r">2019-03-12</subfield>
   <subfield code="s">2019-02-27</subfield>
   <subfield code="v">50000.00</subfield>
   <subfield code="w">2018-07-02</subfield>
   <subfield code="y">BK</subfield>
  </datafield>
  <datafield tag="952" ind1=" " ind2=" ">
   <subfield code="0">0</subfield>
   <subfield code="1">0</subfield>
   <subfield code="2">ddc</subfield>
   <subfield code="4">0</subfield>
   <subfield code="6">338_500000000000000_L120</subfield>
   <subfield code="7">0</subfield>
   <subfield code="9">11821</subfield>
   <subfield code="a">000001</subfield>
   <subfield code="b">000001</subfield>
   <subfield code="d">2018-07-02</subfield>
   <subfield code="o">338.5 L120</subfield>
   <subfield code="p">MD.04989</subfield>
   <subfield code="r">2018-07-02</subfield>
   <subfield code="v">50000.00</subfield>
   <subfield code="w">2018-07-02</subfield>
   <subfield code="y">BK</subfield>
  </datafield>
  <datafield tag="952" ind1=" " ind2=" ">
   <subfield code="0">0</subfield>
   <subfield code="1">0</subfield>
   <subfield code="2">ddc</subfield>
   <subfield code="4">0</subfield>
   <subfield code="6">338_500000000000000_L120</subfield>
   <subfield code="7">0</subfield>
   <subfield code="9">11822</subfield>
   <subfield code="a">000001</subfield>
   <subfield code="b">000001</subfield>
   <subfield code="d">2018-07-02</subfield>
   <subfield code="l">1</subfield>
   <subfield code="o">338.5 L120</subfield>
   <subfield code="p">MD.04990</subfield>
   <subfield code="r">2019-02-28</subfield>
   <subfield code="s">2019-02-21</subfield>
   <subfield code="v">50000.00</subfield>
   <subfield code="w">2018-07-02</subfield>
   <subfield code="y">BK</subfield>
  </datafield>
  <datafield tag="952" ind1=" " ind2=" ">
   <subfield code="0">0</subfield>
   <subfield code="1">0</subfield>
   <subfield code="2">ddc</subfield>
   <subfield code="4">0</subfield>
   <subfield code="6">338_500000000000000_L120</subfield>
   <subfield code="7">0</subfield>
   <subfield code="9">11823</subfield>
   <subfield code="a">000001</subfield>
   <subfield code="b">000001</subfield>
   <subfield code="d">2018-07-02</subfield>
   <subfield code="l">1</subfield>
   <subfield code="o">338.5 L120</subfield>
   <subfield code="p">MD.04991</subfield>
   <subfield code="r">2019-02-28</subfield>
   <subfield code="s">2019-02-21</subfield>
   <subfield code="v">50000.00</subfield>
   <subfield code="w">2018-07-02</subfield>
   <subfield code="y">BK</subfield>
  </datafield>
  <datafield tag="952" ind1=" " ind2=" ">
   <subfield code="0">0</subfield>
   <subfield code="1">0</subfield>
   <subfield code="2">ddc</subfield>
   <subfield code="4">0</subfield>
   <subfield code="6">338_500000000000000_L120</subfield>
   <subfield code="7">0</subfield>
   <subfield code="9">11824</subfield>
   <subfield code="a">000001</subfield>
   <subfield code="b">000001</subfield>
   <subfield code="d">2018-07-02</subfield>
   <subfield code="o">338.5 L120</subfield>
   <subfield code="p">MD.04992</subfield>
   <subfield code="r">2018-07-02</subfield>
   <subfield code="v">50000.00</subfield>
   <subfield code="w">2018-07-02</subfield>
   <subfield code="y">BK</subfield>
  </datafield>
  <datafield tag="952" ind1=" " ind2=" ">
   <subfield code="0">0</subfield>
   <subfield code="1">0</subfield>
   <subfield code="2">ddc</subfield>
   <subfield code="4">0</subfield>
   <subfield code="6">338_500000000000000_L120</subfield>
   <subfield code="7">0</subfield>
   <subfield code="9">11825</subfield>
   <subfield code="a">000001</subfield>
   <subfield code="b">000001</subfield>
   <subfield code="d">2018-07-02</subfield>
   <subfield code="l">2</subfield>
   <subfield code="o">338.5 L120</subfield>
   <subfield code="p">MD.04993</subfield>
   <subfield code="r">2021-05-04</subfield>
   <subfield code="s">2021-04-20</subfield>
   <subfield code="v">50000.00</subfield>
   <subfield code="w">2018-07-02</subfield>
   <subfield code="y">BK</subfield>
  </datafield>
  <datafield tag="952" ind1=" " ind2=" ">
   <subfield code="0">0</subfield>
   <subfield code="1">0</subfield>
   <subfield code="2">ddc</subfield>
   <subfield code="4">0</subfield>
   <subfield code="6">338_500000000000000_L120</subfield>
   <subfield code="7">0</subfield>
   <subfield code="9">11826</subfield>
   <subfield code="a">000001</subfield>
   <subfield code="b">000001</subfield>
   <subfield code="d">2018-07-02</subfield>
   <subfield code="l">1</subfield>
   <subfield code="o">338.5 L120</subfield>
   <subfield code="p">MD.04994</subfield>
   <subfield code="r">2019-03-08</subfield>
   <subfield code="s">2019-02-22</subfield>
   <subfield code="v">50000.00</subfield>
   <subfield code="w">2018-07-02</subfield>
   <subfield code="y">BK</subfield>
  </datafield>
  <datafield tag="952" ind1=" " ind2=" ">
   <subfield code="0">0</subfield>
   <subfield code="1">0</subfield>
   <subfield code="2">ddc</subfield>
   <subfield code="4">0</subfield>
   <subfield code="6">338_500000000000000_L120</subfield>
   <subfield code="7">0</subfield>
   <subfield code="9">11827</subfield>
   <subfield code="a">000001</subfield>
   <subfield code="b">000001</subfield>
   <subfield code="d">2018-07-02</subfield>
   <subfield code="o">338.5 L120</subfield>
   <subfield code="p">MD.04995</subfield>
   <subfield code="r">2018-07-02</subfield>
   <subfield code="v">50000.00</subfield>
   <subfield code="w">2018-07-02</subfield>
   <subfield code="y">BK</subfield>
  </datafield>
  <datafield tag="980" ind1=" " ind2=" ">
   <subfield code="a">Thư viện Trường Đại học Nam Cần Thơ</subfield>
  </datafield>
 </record>
</collection>
